000 00612nam a22002297a 4500
003 UA-OsUOA
001 48127
007 ta
008 20070830b un ||||| |||| 00| 0 ukr d
100 _aСтаніслав Тельнюк
090 _a821,161,2
_bС76
942 _cBK
040 _aUA-OsUOA
_bukr
_cUA-OsUOA
_dUA-OsUOA
245 _aЗалізняки
300 _a68 с.
955 _a1
041 _aukr
080 _a821,161,2
260 _aК.
_bРадянський письменник
_c1966
650 7 _a82 Література. Літературознавство
_2UDC
999 _c334235
_d334235